000 00338 a2200145 4500
001 78500
082 _a536.2 KRE
090 _c39401
_d39401
100 _aKrieth, Frank
245 _aPrinciples of heat transfer, 3 Edition
250 _a3
260 _bHarper & Row
_aUSA
_c1973
300 _a670p.
500 _aBE textbook Aerosapce
942 _aNUST-CAE
_k536.2 KRE
999 _c313573
_d313573